[Event "4NCL Div 1 2018-19"]
[Site "Daventry"]
[Date "2019.01.12"]
[Round "3"]
[White "Howell, David W L"]
[Black "Ghasi, Ameet K"]
[Result "1-0"]
[WhiteElo "2697"]
[BlackElo "2505"]
[Annotator "TA"]
[PlyCount "83"]
[EventDate "2019.01.12"]
[EventCountry "GBR"]
[SourceTitle "playchess.com"]
[Source "ChessBase"]
[SourceQuality "1"]

{[%evp 20,83,51,50,61,57,56,72,59,63,83,71,68,70,70,72,75,77,58,63,118,117,135,81,106,90,88,70,128,123,127,139,128,132,129,129,145,158,141,150,192,172,216,246,275,283,408,412,393,367,397,376,354,303,421,443,483,488,476,456,491,507,527,522,727,742]} 1. d4 Nf6 2. c4 g6 3. g3 Bg7 4. Bg2 O-O 5. Nc3 d6 6. Nf3 {[%cal Bg1f3,Bf3e1,Be1c2,Bc2d4][%mdl 32]} Nc6 7. O-O Bf5 8. b3 e5 9. d5 {E62: King's Indian: Fianchetto: 6...c6 and Panno Variation (6...Nc6) without ...a6} Ne7 10. Ne1 e4 11. Nc2 {LiveBook: 5 Games. White is slightly better.} Qd7 12. Bg5 h6 $146 ({Predecessor:} 12... Ng4 13. Nd4 c5 14. dxc6 Nxc6 15. Nxf5 Qxf5 16. Nxe4 Rfe8 {1-0 (48) Borovikov,V (2580)-Stets,D (2420) Senden 2008}) 13. Bxf6 Bxf6 14. Qd2 Rfe8 15. Nd4 c5 16. dxc6 Nxc6 17. Nxf5 Qxf5 18. Rad1 Rad8 19. Nb5 Bg5 (19... Re5 $14) 20. Qb2 $16 Re6 21. e3 ({Better is} 21. Qb1) 21... a6 22. Nc7 Re5 23. Rd2 Bf6 {[#]} (23... Nb4 $14) 24. Qb1 $1 Bg7 25. Nd5 Qe6 26. Nf4 Qe7 27. b4 Kh7 28. Rfd1 f5 29. b5 axb5 30. cxb5 Nb8 31. a4 b6 32. Qa2 g5 (32... Rd7 $142 33. h4 d5 34. Nxd5 Qd8) 33. Nd5 $18 {[%cal Bf4d5,Bd5b6,Bb6d7][%mdl 32]} Qb7 34. Rc2 {[%cal Bd2c2,Bc2c6,Bc6d6][%mdl 32] [#] Rc7 is the strong threat.} Nd7 {[%cal Bb8d7,Bd7c5,Bc5d3][%mdl 32]} 35. Rc6 Qb8 36. h3 Nc5 37. Nxb6 {White is clearly winning.} Nd3 {intending ...Nb4.} 38. Qf7 {aiming for Rc7.} Rf8 39. Qb3 Qa7 40. Rxd6 Nc5 41. Qc4 Rfe8 42. Nd7 {Accuracy: White = 95%, Black = 46%.} 1-0

[Event "4NCL Div 1 2018-19"]
[Site "Daventry"]
[Date "2019.01.12"]
[Round "3"]
[White "Sadler, Matthew D"]
[Black "Eckersley-Waites, Tom"]
[Result "1-0"]
[WhiteElo "2693"]
[BlackElo "2302"]
[Annotator "TA"]
[PlyCount "95"]
[EventDate "2019.01.12"]
[EventCountry "GBR"]
[SourceTitle "playchess.com"]
[Source "ChessBase"]
[SourceQuality "1"]

{[%evp 17,95,47,63,11,36,21,21,31,33,12,26,18,39,23,17,23,40,37,37,41,43,41,34,34,25,18,86,95,93,67,70,50,49,51,82,82,89,68,67,68,67,68,333,145,135,143,180,177,207,206,207,180,208,207,506,497,372,363,352,351,351,342,29947,29943,29945,12843,29953,5664,29944,12847,29960,29962,29962,29958,29968,29968,29963,29952,11799,11560]} 1. c4 e6 2. Nc3 d5 3. d4 c5 4. cxd5 exd5 5. Nf3 Nc6 6. g3 Nf6 7. Bg2 Be7 8. O-O O-O 9. Bg5 c4 {LiveBook: 838 Games} 10. Qc2 {D34: Tarrasch Defence: 6 g3 Nf6 7 Bg2 Be7} (10. Ne5 $14) (10. e3 Be6 11. b3 cxb3 12. Qxb3 Na5 13. Qb2 Ne4 14. Nxe4 dxe4 15. Bxe7 Qxe7 16. Nd2 Nc4 17. Nxc4 Bxc4 {1-0 (42) Ding,L (2778)-Mamedov,R (2704) Shamkir 2018}) 10... Re8 $146 ({Predecessor:} 10... Be6 11. Rad1 Qa5 12. Ne5 h6 13. Bf4 Rfd8 14. Rd2 Rac8 15. Rfd1 b5 16. e4 Nb4 17. Qb1 dxe4 {0-1 (48) Bednar,M (2270)-Spacek,P (2399) Czechia 2013}) 11. Rfd1 h6 12. Bxf6 {The position is equal.} Bxf6 13. b3 Bg4 {[#] Hoping for ...Bxf3.} 14. e3 Rc8 15. h3 cxb3 16. axb3 Nb4 17. Qd2 Bxf3 18. Bxf3 a5 19. Rac1 Rc6 20. Kg2 g6 21. Na2 Nxa2 (21... Be7 $11 {remains equal.}) 22. Qxa2 $16 Qc7 23. Qa4 Ree6 24. Rxc6 bxc6 25. Rc1 {Threatens to win with Bxd5!} Qb6 26. Bg4 $36 {[%mdl 2048] White is in control.} Rd6 {[#]} 27. Bd7 $1 {[%cal Rc1c6][%mdl 512]} Bxd4 $1 (27... Rxd7 28. Rxc6) 28. Rxc6 Rxc6 29. Bxc6 Bxe3 $2 {[%mdl 8192]} ({Black should try} 29... Bc3 $14) 30. fxe3 (30. Bxd5 $18 {is the precise move to win. Intending Qe8+ and mate.} Qd8 31. Qe4) 30... Qxe3 31. Qa2 Qc5 32. Ba8 Kg7 33. Qd2 d4 34. Bf3 f5 35. h4 Kf6 $2 (35... h5 36. Qe2 Qd6) 36. Qxh6 $18 Qc2+ 37. Kh3 {Strongly threatening Qf8+.} Qxb3 38. Qf8+ Qf7 39. Qd8+ Kg7 $2 (39... Qe7 $18 40. Qxd4+ Qe5) 40. Qxa5 Qf6 41. Qc7+ (41. Bd5 $142 Qe5 42. Qd8 d3 43. Qg8+ Kh6 44. Bc4 Qf6 45. Bxd3 Qa1 46. Qf8+ Kh7 47. Qe7+ Kh8 48. Kg2) 41... Kh6 42. Qf4+ (42. Bd5 $142 d3 43. Bf3 Qd4 44. Qf4+ Qxf4 45. gxf4 Kh7 46. Kg2 d2 47. Kf2) 42... Kh7 43. Bd5 Qg7 44. Qd6 Kh6 45. Qd8 d3 46. Be6 Qa1 47. Qf8+ Qg7 48. Qxg7+ {Accuracy: White = 71%, Black = 22%.} 1-0

[Event "4NCL Div 1 2018-19"]
[Site "Daventry"]
[Date "2019.01.12"]
[Round "3"]
[White "Edouard, Romain"]
[Black "Hansen, Hans-Peter"]
[Result "1-0"]
[WhiteElo "2643"]
[BlackElo "2173"]
[Annotator "TA"]
[PlyCount "89"]
[EventDate "2019.01.12"]
[EventCountry "GBR"]
[SourceTitle "playchess.com"]
[Source "ChessBase"]
[SourceQuality "1"]

{[%evp 14,89,58,22,63,61,70,64,65,72,81,76,82,56,59,59,62,17,64,66,49,50,52,55,56,56,72,72,72,72,76,76,88,88,85,87,100,90,92,62,68,65,65,73,65,62,83,81,100,109,185,181,168,117,120,97,131,146,155,155,156,166,164,159,508,468,536,516,638,638,1587,1578,29990,501,637,637,606,597]} 1. e4 c5 2. Nf3 g6 3. c3 d5 4. exd5 Qxd5 5. d4 Bg7 6. Na3 cxd4 7. Bc4 {B06: Modern Defence} Qd8 (7... Qe4+ 8. Be3 Nh6 9. Nb5 O-O 10. cxd4 Nf5 11. Qe2 Nc6 12. O-O Nd6 13. Nc3 Qf5 14. Bb3 Qh5 {½-½ (46) Navara,D (2726)-Guseinov,G (2647) Antalya 2017}) 8. Nb5 {[#] LiveBook: 6 Games. Hoping for Qb3.} a6 9. Nbxd4 {White is slightly better.} Nf6 10. Qa4+ Nc6 11. Nxc6 bxc6 12. O-O $146 ({Predecessor:} 12. Ne5 O-O 13. Qxc6 Bf5 14. O-O Rc8 {1-0 (24) Pavasovic,D (2591)-Pikula,D (2523) Topola 2004}) 12... O-O 13. Rd1 Qb6 14. Be3 Qb7 15. Qb3 Nd5 16. Bxd5 cxd5 17. Rxd5 Rb8 18. Qxb7 Rxb7 19. Rd2 Be6 20. Nd4 Bxd4 21. Bxd4 a5 22. b3 f6 23. Re1 Kf7 24. Rde2 Bf5 25. Bc5 {[%cal Re2e7]} Re8 26. f3 e5 27. g4 $36 {[%mdl 2048] White has good play.} Be6 28. g5 Rc8 29. b4 axb4 30. cxb4 Ra8 31. gxf6 Rxa2 (31... Kxf6 $16 32. Rxe5 Bc4) 32. Rxe5 $18 Ra6 33. Be7 (33. Kf2 $18) 33... Rd7 $16 34. Ra5 Rxa5 35. bxa5 {[%mdl 4096] Endgame KRB-KRB} Ra7 36. Ra1 g5 37. Bc5 Ra6 38. Bd4 Bc4 $2 (38... Bd5 $16 39. Kf2 Kg6) 39. Rc1 $18 Bd5 40. Rc7+ Kg6 41. Rg7+ Kh6 {[#]} 42. h4 $1 Rxa5 (42... gxh4 43. Be3+) 43. hxg5+ (43. Rxg5 $142 Bxf3 44. Rxa5 Kg6 45. Rg5+ Kf7 46. Rg7+ {[%mdl 64] Double Attack} Ke8 47. f7+ Ke7 48. Bc5+ Ke6 49. f8=Q) 43... Kh5 44. f7 Bxf7 45. Rxh7+ {Accuracy: White = 79%, Black = 55%.} 1-0

[Event "4NCL Div 1 2018-19"]
[Site "Daventry"]
[Date "2019.01.12"]
[Round "3"]
[White "Lupulescu, Constantin"]
[Black "Ris, Robert"]
[Result "1-0"]
[WhiteElo "2601"]
[BlackElo "2450"]
[Annotator "TA"]
[PlyCount "81"]
[EventDate "2019.01.12"]
[EventCountry "GBR"]
[SourceTitle "playchess.com"]
[Source "ChessBase"]
[SourceQuality "1"]

{[%evp 12,81,16,14,29,28,22,21,31,23,36,44,29,35,43,0,8,16,25,20,73,76,59,70,68,65,74,76,97,96,93,101,89,97,120,115,109,114,117,81,160,150,222,229,223,210,233,229,200,201,305,294,302,292,409,337,485,474,457,443,455,366,620,581,775,720,849,834,951,876,691,641]} 1. e4 c5 2. Nf3 Nc6 3. Bb5 g6 4. O-O Bg7 5. Nc3 e5 6. a3 {B31: Sicilian: 2...Nc6 3 Bb5 g6} (6. d3 Nge7 7. Bc4 O-O 8. a3 d6 9. h3 h6 10. b4 Kh7 11. bxc5 dxc5 12. Rb1 b6 13. Nd5 Be6 14. Nxe7 Qxe7 {1-0 (55) Le,Q (2737)-Dubov,D (2694) Caleta 2018}) 6... Nge7 {[%cal Bg8e7,Be7c6,Bc6d4][%mdl 32]} 7. b4 {LiveBook: 33 Games} b6 8. bxc5 {White has an edge.} bxc5 9. d3 O-O 10. Bg5 Qc7 $146 ({Predecessor:} 10... h6 11. Bxc6 dxc6 12. Be3 c4 13. dxc4 Qa5 {1-0 (45) Cornette,M (2568)-Caire,F (2150) Montreal 2011}) 11. Bxc6 Nxc6 12. Nd5 Qa5 13. Nf6+ Kh8 14. Nd2 $36 {[%cal Bf3d2,Bd2c4,Bc4d6][%mdl 2080] White has good play.} Nd4 15. Nd5 {Threatening Nc4.} Bb7 (15... f6 $11 16. Nc4 Qa4) 16. Be7 $16 Rfe8 {Threatens to win with ...Bxd5.} 17. Nc4 Qa4 {Strongly threatening ...Bxd5.} 18. Bxc5 {Nc7 is the strong threat.} Bxd5 $1 19. exd5 Qxc2 20. Bxd4 $1 Qxd1 21. Rfxd1 exd4 22. Nd6 Re7 23. Rab1 Kg8 24. Nc4 d6 25. g3 (25. Nxd6 $6 Rd8 $14) 25... Rc8 (25... Rc7 $142) 26. Rb5 $1 (26. Nxd6 $6 Rd8 $14) 26... Rc5 {[#]} (26... Bf8 $16 27. Nxd6 Rd8) 27. Rxc5 $1 $18 ({Weaker is} 27. Nxd6 Rxb5 28. Nxb5 Rd7 $11) 27... dxc5 {[%mdl 4096] Endgame [#] KRB-KRN} 28. Rb1 $1 Rd7 29. Rb8+ Bf8 30. a4 {[%cal Ba3a4,Ba4a5,Ba5a6][%mdl 32]} f6 (30... Kg7 {is a better defense.} 31. a5 Bd6) 31. a5 Kf7 32. a6 Ke7 (32... g5 {was necessary.} 33. g4 Bd6 34. Nxd6+ Rxd6) 33. Ra8 h5 (33... Bh6 $142 34. Kg2 (34. Rh8 Bg7 $16) 34... g5) 34. f4 Kf7 35. Kf2 Be7 36. Kf3 Bd8 $2 (36... Bf8 37. Na5 h4) 37. h3 {[%cal Bh2h3,Bh3g4,Bg4f5][%mdl 32] White is clearly winning.} Ke7 38. g4 hxg4+ 39. hxg4 Bb6 40. f5 gxf5 41. gxf5 {Accuracy: White = 79%, Black = 41%.} 1-0

[Event "4NCL Div 1 2018-19"]
[Site "Daventry"]
[Date "2019.01.12"]
[Round "3"]
[White "Gordon, Stephen J"]
[Black "Cornette, Matthieu"]
[Result "1/2-1/2"]
[WhiteElo "2544"]
[BlackElo "2587"]
[Annotator "ChessBase"]
[PlyCount "26"]
[EventDate "2019.01.12"]
[EventCountry "GBR"]
[SourceTitle "playchess.com"]
[Source "ChessBase"]
[SourceQuality "1"]
[TimeControl "40"]

1. Nf3 {[%emt 0:00:00]} e6 {[%emt 0:00:00]} 2. c4 {[%emt 0:00:00]} d5 {[%emt 0:00:00]} 3. d4 {[%emt 0:00:00]} a6 {[%emt 0:00:00]} 4. cxd5 {[%emt 0:00:00]} exd5 {[%emt 0:00:00]} 5. Nc3 {[%emt 0:00:00]} Nf6 {[%emt 0:00:00]} 6. Bg5 {[%emt 0:00:00]} Be6 {[%emt 0:00:00]} 7. e3 {[%emt 0:00:00]} Nbd7 {[%emt 0:00:00]} 8. Bd3 {[%emt 0:00:00]} h6 {[%emt 0:00:00]} 9. Bh4 {[%emt 0:00:00]} g5 {[%emt 0:00:00]} 10. Bg3 {[%emt 0:00:00]} Nh5 {[%emt 0:00:00]} 11. Be5 {[%emt 0:00:00]} Nhf6 {[%emt 0:00:00]} 12. Bg3 {[%emt 0:00:00]} Nh5 {[%emt 0:00:00]} 13. Be5 {[%emt 0:00:00]} Nhf6 {[%emt 0:00:00]} 1/2-1/2

[Event "4NCL Div 1 2018-19"]
[Site "Daventry"]
[Date "2019.01.12"]
[Round "3"]
[White "Le Roux, Jean-Pierre"]
[Black "Stork, Oliver"]
[Result "1-0"]
[WhiteElo "2533"]
[BlackElo "2187"]
[Annotator "TA"]
[PlyCount "130"]
[EventDate "2019.01.12"]
[EventCountry "GBR"]
[SourceTitle "playchess.com"]
[Source "ChessBase"]
[SourceQuality "1"]

{[%evp 20,130,23,21,12,0,12,16,43,34,34,34,32,39,30,41,61,29,35,38,30,27,37,44,57,65,79,39,109,106,113,114,114,111,121,113,154,163,170,166,167,157,147,147,150,121,131,86,115,98,107,69,156,143,187,178,178,189,189,176,229,201,252,250,279,259,245,133,194,183,175,66,64,61,126,123,143,77,77,74,78,14,13,14,13,14,64,14,20,23,64,64,59,24,76,74,75,10,21,0,0,0,0,0,0,0,1263,1144,5065,5065,592,592,29989]} 1. Nf3 Nf6 2. g3 d5 3. Bg2 e6 4. O-O Be7 5. d4 O-O 6. Nbd2 c5 7. b3 b6 8. Bb2 Bb7 9. c4 Nbd7 10. cxd5 exd5 11. Ne5 {LiveBook: 5 Games. E17: Queen's Indian: 4 g3 Bb7 5 Bg2 Be7} Rc8 (11... Re8 12. Ndf3 Ne4 13. Rc1 Nxe5 14. Nxe5 Bd6 15. Nf3 Rc8 16. dxc5 bxc5 17. Qd3 d4 18. Nd2 Nxd2 19. Qxd2 Bxg2 20. Kxg2 {1-0 (40) Lenderman,A (2630)-Lenic,L (2656) chess.com INT 2018}) 12. Bh3 Rc7 13. Rc1 {The position is equal.} cxd4 $146 ({Predecessor:} 13... Bd6 14. e3 Qe7 15. f4 Bc8 16. Bg2 Re8 17. Qe2 Nb8 18. Rfd1 Ba6 {½-½ (59) Smith,R (2222)-Lynn,W (1917) Hamilton 2012}) 14. Nxd7 Nxd7 {[%cal Bf6d7,Bd7c5,Bc5e4][%mdl 32]} 15. Rxc7 Qxc7 16. Nf3 Nc5 17. Nxd4 Re8 18. b4 Ne4 $1 19. Qa4 Qb8 20. Rc1 h5 21. Rc7 Nf6 22. Rc2 $36 {[%mdl 2048] White is pushing.} Bd6 23. Nb5 Be5 (23... d4 $14) 24. Qxa7 $16 Qxa7 25. Nxa7 Bxb2 26. Rxb2 Ra8 27. Nb5 Ne4 28. f3 Ng5 29. Bf5 g6 30. Bd3 Ne6 31. Nd6 Bc6 32. Kf2 Kf8 33. Nb5 Ke7 34. Nc3 d4 35. Nb1 Nc7 ({Better is} 35... Bd5 $14) 36. Rc2 Kd6 37. Nd2 {Threatens to win with Nc4+.} Bd5 38. Nc4+ $1 Bxc4 39. Bxc4 $18 {[%mdl 4096] Endgame KRB-KRN} ({Much less strong is} 39. Rxc4 $6 Ne6 $16) 39... Nd5 (39... f6 $142 40. Bb3 g5) 40. Rd2 Nxb4 41. Bxf7 Kc5 42. h4 b5 43. Bb3 ({White should try} 43. Bxg6 $18 {aiming for Bf7.} Nxa2 44. Bxh5) 43... d3 (43... Re8 $16 44. Bf7 {[%mdl 64] Double Attack} Ra8 45. Bxg6 Nxa2 46. Bxh5 b4) 44. Bf7 ({But not} 44. exd3 Kd4 $16) 44... Ra6 45. a3 (45. Ke3 $18) 45... Rxa3 $14 46. Bxg6 {[%cal Re2d3][%mdl 64] Double Attack} Kc4 (46... Kd4 $1 $14) 47. exd3+ $16 Nxd3+ 48. Ke2 (48. Bxd3+ $142 Rxd3 49. Rxd3 Kxd3 50. g4) 48... Nc1+ 49. Kd1 Nb3 50. Bf7+ (50. Rd8 $16) 50... Kc3 $1 $11 51. Rc2+ Kd3 $1 52. Bg6+ Ke3 {( -> ...Ra1+)} 53. Rc3+ Kf2 $1 54. g4 b4 55. Rd3 $1 Nc5 56. Rd5 hxg4 (56... Ne6 $11 {remains equal.}) 57. fxg4 $16 ({Much worse is} 57. Rxc5 $6 Ra1+ 58. Kc2 g3 $11) 57... Ne6 58. Bf5 ({White should play} 58. h5 $16) 58... Nf4 $11 59. Rd4 Ng2 60. h5 {[%cal Bh4h5,Bh5h6][%mdl 32] Black must now prevent Kd2.} Ne3+ 61. Kd2 {Hoping for h6.} Nxf5 62. gxf5 Rf3 $2 {[%mdl 8192]} (62... Ra6 $11) 63. Rd5 $1 $18 {White is clearly winning.} b3 {[#]} 64. h6 $1 {[%cal Rh6h7]} b2 {[#]} 65. Kc2 $1 {And now h7 would win.} Ke3 {Accuracy: White = 63%, Black = 45%.} 1-0

[Event "4NCL Div 1 2018-19"]
[Site "Daventry"]
[Date "2019.01.12"]
[Round "3"]
[White "Cyborowski, Lukasz"]
[Black "Sarakauskas, Gediminas"]
[Result "1/2-1/2"]
[WhiteElo "2523"]
[BlackElo "2425"]
[Annotator "TA"]
[PlyCount "65"]
[EventDate "2019.01.12"]
[EventCountry "GBR"]
[SourceTitle "playchess.com"]
[Source "ChessBase"]
[SourceQuality "1"]

{[%evp 17,65,17,24,-39,-15,-31,-31,-32,-22,-57,-17,-18,0,-16,-8,-10,0,0,0,0,0,0,0,0,0,0,0,0,13,13,56,52,68,25,54,22,27,5,10,0,7,0,5,0,4,0,0,0,0,-14]} 1. c4 Nf6 2. Nc3 c5 3. Nf3 e6 4. e3 d5 5. cxd5 exd5 6. d4 a6 7. Be2 Nc6 8. O-O Bd6 9. b3 {D32: Tarrasch Defence: Sidelines and lines without g3} (9. dxc5 Bxc5 10. a3 O-O 11. b4 Ba7 12. b5 axb5 13. Nxb5 Bb8 14. Bb2 Ne4 15. Qc2 Qe7 16. Rfd1 Rd8 17. Nc3 Nf6 18. h3 h6 19. Bf1 Ne5 20. Nxe5 Bxe5 21. Nb5 Bf5 {0-1 (56) Jumabayev,R (2605)-Kovalev,V (2664) Batumi 2018}) 9... cxd4 {LiveBook: 15 Games} 10. exd4 ({Better is} 10. Nxd4 $11 O-O 11. Bb2) 10... h6 11. Bd3 $146 ({Predecessor:} 11. Be3 O-O 12. Na4 Re8 13. Nc5 Ng4 14. Rc1 Nxe3 15. fxe3 Rxe3 16. Re1 Re8 {0-1 (39) Giessmann,S (2180)-Schell,W (2032) Bayern 2003}) 11... O-O 12. h3 $1 Re8 13. Bb2 Bd7 14. Re1 Qa5 15. Rxe8+ Rxe8 16. a3 {[%cal Ba2a3,Ba3a4,Ba4a5][%mdl 32]} Ne4 17. b4 Nxc3 18. Bxc3 Qd8 19. Qb3 Be6 20. a4 Ne7 21. b5 axb5 22. Bxb5 Rf8 23. Bd3 Bc8 24. a5 Nc6 25. Bb5 {Black must now prevent Bxc6.} Ne7 {[%cal Bc6e7,Be7f5,Bf5d6,Bd6c4][%mdl 32]} 26. Ne5 Be6 {[#] ...Bxe5 is the strong threat.} 27. Bb4 Nf5 {The position is equal.} 28. Nf3 Qf6 29. Bxd6 Nxd6 30. Bf1 Qd8 31. Ne5 Qc7 32. Qb4 Nc4 33. Ra4 {Accuracy: White = 53%, Black = 61%.} 1/2-1/2

[Event "4NCL Div 1 2018-19"]
[Site "Daventry"]
[Date "2019.01.12"]
[Round "3"]
[White "Fodor, Tamas Jr."]
[Black "Rendle, Thomas E"]
[Result "1/2-1/2"]
[WhiteElo "2520"]
[BlackElo "2373"]
[Annotator "ChessBase"]
[PlyCount "48"]
[EventDate "2019.01.12"]
[EventCountry "GBR"]
[SourceTitle "playchess.com"]
[Source "ChessBase"]
[SourceQuality "1"]
[TimeControl "40"]

1. Nf3 {[%emt 0:00:00]} f5 {[%emt 0:00:00]} 2. c4 {[%emt 0:00:00]} Nf6 {[%emt 0:00:00]} 3. Nc3 {[%emt 0:00:00]} d6 {[%emt 0:00:00]} 4. d4 {[%emt 0:00:00]} g6 {[%emt 0:00:00]} 5. g3 {[%emt 0:00:00]} Bg7 {[%emt 0:00:00]} 6. Bg2 {[%emt 0:00:00]} O-O {[%emt 0:00:00]} 7. O-O {[%emt 0:00:00]} c6 {[%emt 0:00:00]} 8. b3 {[%emt 0:00:00]} Na6 {[%emt 0:00:00]} 9. Bb2 {[%emt 0:00:00]} Rb8 {[%emt 0:00:00]} 10. Rc1 {[%emt 0:00:00]} Bd7 {[%emt 0:00:00]} 11. d5 {[%emt 0:00:00]} c5 12. a4 {[%emt 0:00:00]} h6 {[%emt 0:00:00]} 13. Ne1 {[%emt 0:00:00]} g5 {[%emt 0:00:00]} 14. Nd3 {[%emt 0:00:00]} Nc7 {[%emt 0:00:00]} 15. Qd2 {[%emt 0:00:00]} Qe8 {[%emt 0:00:00]} 16. e4 {[%emt 0:00:00]} Qh5 {[%emt 0:00:00]} 17. Rce1 {[%emt 0:00:00]} Rbe8 {[%emt 0:00:00]} 18. Qe2 {[%emt 0:00:00]} Qxe2 {[%emt 0:00:00]} 19. Rxe2 {[%emt 0:00:00]} e5 {[%emt 0:00:00]} 20. dxe6 {[%emt 0:00:00]} Nxe6 {[%emt 0:00:00]} 21. exf5 {[%emt 0:00:00]} Nd4 {[%emt 0:00:00]} 22. Rxe8 {[%emt 0:00:00]} Rxe8 {[%emt 0:00:00]} 23. Nb5 {[%emt 0:00:00]} Nxb5 {[%emt 0:00:00]} 24. axb5 {[%emt 0:00:00]} Bxf5 {[%emt 0:00:00]} 1/2-1/2

[Event "4NCL Div 1 2018-19"]
[Site "Daventry"]
[Date "2019.01.12"]
[Round "3"]
[White "Speelman, Jon S"]
[Black "Gourlay, Iain"]
[Result "1/2-1/2"]
[WhiteElo "2509"]
[BlackElo "2351"]
[Annotator "ChessBase"]
[PlyCount "52"]
[EventDate "2019.01.12"]
[EventCountry "GBR"]
[SourceTitle "playchess.com"]
[Source "ChessBase"]
[SourceQuality "1"]
[TimeControl "40"]

1. Nf3 {[%emt 0:00:00]} d5 {[%emt 0:00:20]} 2. g3 {[%emt 0:00:12]} Nf6 {[%emt 0:00:00]} 3. Bg2 {[%emt 0:01:04]} c6 {[%emt 0:00:00]} 4. O-O {[%emt 0:00:00]} Bg4 {[%emt 0:00:00]} 5. d4 {[%emt 0:00:00]} Nbd7 {[%emt 0:00:00]} 6. Nbd2 {[%emt 0:00:00]} e6 {[%emt 0:00:00]} 7. Re1 {[%emt 0:00:00]} Be7 {[%emt 0:00:00]} 8. e4 {[%emt 0:00:00]} O-O {[%emt 0:00:00]} 9. c3 {[%emt 0:00:00]} c5 {[%emt 0:00:00]} 10. exd5 {[%emt 0:00:00]} Nxd5 {[%emt 0:00:00]} 11. Nc4 {[%emt 0:00:00]} Qc7 {[%emt 0:00:00]} 12. Ne3 {[%emt 0:00:00]} Nxe3 {[%emt 0:00:00]} 13. Bxe3 {[%emt 0:00:00]} Rad8 {[%emt 0:00:00]} 14. Qa4 {[%emt 0:00:00]} Bf5 {[%emt 0:00:00]} 15. Rad1 {[%emt 0:00:00]} c4 {[%emt 0:00:00]} 16. Nd2 {[%emt 0:00:00]} Nb6 {[%emt 0:00:00]} 17. Qxa7 {[%emt 0:00:00]} Nd5 {[%emt 0:00:00]} 18. Qa4 {[%emt 0:00:00]} b5 {[%emt 0:00:00]} 19. Qxb5 {[%emt 0:00:00]} Bd3 {[%emt 0:00:00]} 20. Bf4 {[%emt 0:00:00]} Nxf4 {[%emt 0:00:00]} 21. gxf4 {[%emt 0:00:00]} Rb8 {[%emt 0:00:00]} 22. Qc6 {[%emt 0:00:00]} Qxf4 {[%emt 0:00:00]} 23. b4 {[%emt 0:00:00]} cxb3 {[%emt 0:00:00]} 24. Nxb3 {[%emt 0:00:00]} Rfc8 {[%emt 0:00:00]} 25. Qf3 {[%emt 0:00:00]} Qxf3 {[%emt 0:00:00]} 26. Bxf3 {[%emt 0:00:00]} Bc2 {[%emt 0:00:00]} 1/2-1/2

[Event "4NCL Div 1 2018-19"]
[Site "Daventry"]
[Date "2019.01.12"]
[Round "3"]
[White "Fernandez, Daniel Howard"]
[Black "McKay, Roderick M"]
[Result "1-0"]
[WhiteElo "2465"]
[BlackElo "2318"]
[Annotator "TA"]
[PlyCount "135"]
[EventDate "2019.01.12"]
[EventCountry "GBR"]
[SourceTitle "playchess.com"]
[Source "ChessBase"]
[SourceQuality "1"]

{[%evp 16,135,52,26,32,29,42,13,10,7,32,37,26,33,40,22,38,33,31,33,38,27,39,22,27,34,37,37,65,61,56,67,53,60,62,62,62,67,150,114,115,125,136,129,136,139,139,109,184,184,184,183,173,173,173,173,185,177,185,185,177,188,188,164,177,177,177,184,188,188,188,188,188,183,188,174,181,174,168,120,120,120,120,120,120,120,120,120,120,96,96,96,126,143,127,117,137,134,252,242,241,225,223,225,173,0,85,72,95,95,74,104,75,103,923,945,837,818,5377,2572,2593,2557]} 1. Nf3 d6 2. e4 Nf6 3. Nc3 e5 4. d4 Nbd7 5. h3 c6 6. a4 Qa5 7. Bd3 Be7 8. O-O O-O 9. Be3 Re8 {B07: Pirc Defence: Miscellaneous Systems} 10. Qd2 (10. Nd2 d5 11. Nb3 Qd8 12. exd5 cxd5 13. dxe5 Nxe5 14. Bb5 Nc6 15. a5 a6 16. Be2 Be6 {½-½ (16) Kovalev,V (2307)-Rakhmangulov,A (2367) Chervonograd 2009}) 10... Bf8 11. dxe5 $146 ({Predecessor:} 11. Rad1 exd4 12. Nxd4 Nc5 13. Bg5 Nxd3 14. cxd3 Nd7 15. Rb1 h6 16. Be3 Qc7 17. Rbc1 {0-1 (39) Kaiser,H (1883)-Hauernherm Thoma,W (2099) Uttenreuth 2003}) 11... dxe5 {The position is equal.} 12. Nd5 Qxd2 (12... Qd8 {is more complex.} 13. Nxf6+ Qxf6 14. b4 a5 15. c3 h6) 13. Nxf6+ gxf6 14. Nxd2 Nc5 15. Bc4 f5 16. f3 f4 17. Bf2 a5 18. Rfd1 Rd8 19. b3 Kg7 20. Be2 Be6 21. Nc4 $36 {[%mdl 2048] White is more active.} f6 22. Nb6 Rab8 23. Bc4 Kf7 24. Kf1 Bxc4+ 25. Nxc4 Rxd1+ 26. Rxd1 b6 (26... b5 $1 $14 27. Nxa5 bxa4) 27. Nd6+ Ke6 28. Bxc5 $1 bxc5 $16 {[%mdl 4096] Endgame KRB-KRN} 29. Nc4 Ra8 30. Ke2 Be7 31. Rg1 Bf8 (31... Rg8 $16 {was necessary.}) 32. g3 $18 fxg3 33. Rxg3 Ra7 34. Rg8 Kf7 35. Rg1 Ke6 36. Kd3 Ra8 37. Kc3 Bh6 38. Rd1 Bf8 39. Ne3 Be7 40. Rg1 Bf8 41. Rg2 Rd8 42. Nc4 Ra8 43. h4 Bh6 44. Rg1 Rd8 45. Kb2 Ra8 46. Rd1 Bf8 47. h5 Be7 48. Kc3 Ra7 49. Ne3 Rd7 50. Rxd7 Kxd7 $16 {KB-KN} 51. Kc4 Ke6 52. c3 Kd7 53. Nc2 Kc7 54. Ne1 Bf8 55. Nd3 Kb6 56. f4 exf4 (56... Bd6 $16 {might work better.}) 57. Nxf4 $18 Be7 58. Ne6 Bd6 59. Kd3 Kb7 60. h6 $2 (60. Ng7 $1 $18) 60... Kb6 (60... Kc8 $11 {keeps the balance.}) 61. Ke2 {Strongly threatening Kf3.} Kb7 {[#]} 62. Kf3 $1 {[%cal Rf3g4] aiming for Kg4.} Kc8 {[#]} 63. Kg4 $1 {[%cal Rg4f5] And now Kf5 would win.} Kd7 64. Kf5 Be7 $2 {[%mdl 8192]} (64... Ke7 $16) 65. Ng7 {White is clearly winning.} c4 66. bxc4 Kd6 67. Ne8+ Kc5 68. Nxf6 {Precision: White = 75%, Black = 56%.} 1-0